[Event "29th Metz Open - A"]
[Site "Longeville-les-Metz"]
[Date "2011.05.03"]
[Round "3.8"]
[White "Svetushkin, Dmitry"]
[Black "Aguettaz, Maxime"]
[Result "1-0"]
[WhiteElo "2561"]
[BlackElo "2417"]
[PlyCount "143"]
[EventDate "2011.05.02"]
[Source "Roland WIMMER, Pierre BECKER (FA)"]
[SourceDate "2011.05.18"]

1. e4 c5 2. Nf3 d6 3. Bb5+ Nd7 4. c3 Ngf6 5. Qe2 a6 6. Ba4 e6 7. O-O Be7 8. d4
b5 9. Bc2 Bb7 10. Nbd2 cxd4 11. cxd4 O-O 12. b3 e5 13. Bb2 Rc8 14. Rac1 Re8 15.
d5 Bf8 16. Ne1 g6 17. Rd1 Bh6 18. Bb1 Nc5 19. g3 Qd7 20. Kg2 Rc7 21. h3 Nh5 22.
Ndf3 a5 23. Nd3 Nxe4 24. Qxe4 f5 25. Qe2 e4 26. Nd4 exd3 27. Qxd3 Bxd5+ 28. Kh2
Rc5 29. b4 Bc4 30. bxc5 Bxd3 31. c6 Qd8 32. Bxd3 Bg7 33. c7 Qxc7 34. Nxb5 Qb8
35. Bc4+ d5 36. Rxd5 Bxb2 37. Rd8+ Kg7 38. Rxb8 Rxb8 39. Rd1 Nf6 40. Rd6 Rc8
41. Bb3 Be5 42. Ra6 f4 43. gxf4 Bxf4+ 44. Kg2 Bd2 45. Ra7+ Kh6 46. Nd6 Rc5 47.
Nf7+ Kg7 48. h4 Bc3 49. f3 Bd2 50. Ne5+ Kh6 51. Ng4+ Nxg4 52. fxg4 g5 53. h5
Bf4 54. Kf3 Bc7 55. Ra6+ Kg7 56. h6+ Kf8 57. Ra8+ Ke7 58. Rh8 Kf6 59. Re8 Rc6
60. Bd5 Rd6 61. Ke4 Kg6 62. Re7 Bd8 63. Ra7 Kxh6 64. Ke5 Rb6 65. Be4 Bf6+ 66.
Kd5 Bg7 67. Rxa5 Bf6 68. Ra7 Bg7 69. a4 Rf6 70. a5 Rf1 71. Bd3 Rf6 72. Bf5 1-0

[Event "29th Metz Open - A"]
[Site "Longeville-les-Metz"]
[Date "2011.05.03"]
[Round "3.11"]
[White "Spirin, Oleg"]
[Black "Donchenko, Alexander"]
[Result "1-0"]
[WhiteElo "2479"]
[BlackElo "2239"]
[PlyCount "41"]
[EventDate "2011.05.02"]
[Source "Roland WIMMER, Pierre BECKER (FA)"]
[SourceDate "2011.05.18"]

1. d4 d5 2. Nf3 Nf6 3. c4 dxc4 4. Qa4+ Nbd7 5. Qxc4 e6 6. g3 a6 7. Bg2 b5 8.
Qc6 Rb8 9. Bf4 Nd5 10. Bg5 Be7 11. Bxe7 Qxe7 12. Nc3 Nb4 13. Qxc7 Nc2+ 14. Kd1
Nxa1 15. Ne5 O-O 16. Nc6 Qg5 17. f4 Qh5 18. Nxb8 Nf6 19. Nc6 Bd7 20. Bf3 Qh6
21. Kd2 1-0

[Event "29th Metz Open - A"]
[Site "Longeville-les-Metz"]
[Date "2011.05.03"]
[Round "3.12"]
[White "Guedon, Stephane"]
[Black "Nguyen, Chi-Minh"]
[Result "1/2-1/2"]
[WhiteElo "2253"]
[BlackElo "2381"]
[PlyCount "135"]
[EventDate "2011.05.02"]
[Source "Roland WIMMER, Pierre BECKER (FA)"]
[SourceDate "2011.05.18"]

1. e4 e6 2. d4 d5 3. Nc3 Bb4 4. e5 c5 5. Bd2 Nh6 6. Nf3 Nc6 7. a3 Bxc3 8. Bxc3
cxd4 9. Nxd4 Nxd4 10. Qxd4 Nf5 11. Qd2 Bd7 12. g4 Qh4 13. h3 d4 14. Bxd4 Bc6
15. Rg1 Rd8 16. c3 Nxd4 17. cxd4 O-O 18. Bd3 Qxh3 19. O-O-O f6 20. Rg3 Qh4 21.
Qe3 h6 22. f4 fxe5 23. dxe5 Rd5 24. Rdg1 Qe7 25. Kb1 Qc5 26. Qe4 Rxd3 27. Qxd3
Rxf4 28. Qd8+ Rf8 29. Qd2 Qxe5 30. g5 h5 31. g6 Qb5 32. Qe1 Bd5 33. Rc3 a5 34.
Rg5 Qf1 35. Qxf1 Rxf1+ 36. Kc2 Rf2+ 37. Kc1 Rf1+ 38. Kd2 Bc6 39. Rxa5 Kf8 40.
Re3 Ke7 41. Rxh5 Kf6 42. Rhh3 Rf4 43. b3 Be4 44. Rhg3 Rh4 45. a4 Bxg6 46. Rxe6+
Kxe6 47. Rxg6+ Kd7 48. Rxg7+ Kc6 49. Kc3 Rh3+ 50. Kb4 Rh4+ 51. Ka3 Rh6 52. Rg5
Kb6 53. Rg8 Rf6 54. Rc8 Rh6 55. Kb4 Rg6 56. a5+ Ka7 57. Kb5 Rg5+ 58. Rc5 Rg4
59. b4 Rg6 60. Rc7 Rg5+ 61. Ka4 Rg4 62. Rd7 Rh4 63. Rd6 Rh5 64. b5 Rh1 65. Rd8
Ra1+ 66. Kb4 Rb1+ 67. Kc5 Rc1+ 68. Kb4 1/2-1/2

[Event "29th Metz Open - A"]
[Site "Longeville-les-Metz"]
[Date "2011.05.03"]
[Round "3.16"]
[White "Colson, Arnaud"]
[Black "Grosdemange, David"]
[Result "0-1"]
[WhiteElo "2157"]
[BlackElo "2037"]
[PlyCount "92"]
[EventDate "2011.05.02"]
[Source "Roland WIMMER, Pierre BECKER (FA)"]
[SourceDate "2011.05.18"]

1. e4 c5 2. Nc3 Nc6 3. f4 g6 4. Nf3 Bg7 5. Bb5 Nd4 6. Bd3 d6 7. Nxd4 cxd4 8.
Ne2 Qb6 9. c3 dxc3 10. bxc3 Nf6 11. Rb1 Qc7 12. Bb5+ Bd7 13. Bxd7+ Qxd7 14. d3
O-O 15. O-O b6 16. h3 d5 17. e5 Ne8 18. Ba3 Nc7 19. Qb3 Rfe8 20. Rbe1 Na6 21.
d4 Rad8 22. g4 f5 23. Ng3 fxg4 24. e6 Qc6 25. hxg4 Nc7 26. f5 Nb5 27. Bb2 Nd6
28. Rf3 Rf8 29. Ref1 Rc8 30. fxg6 hxg6 31. Rxf8+ Rxf8 32. Rxf8+ Kxf8 33. Qd1
Ke8 34. Qd3 Ne4 35. Nxe4 dxe4 36. Qa6 Qxe6 37. Qxa7 Qxg4+ 38. Kh1 Qf3+ 39. Kh2
Bh6 40. Qa8+ Kf7 41. Qd5+ e6 42. Qd7+ Kf6 43. Ba3 Bf4+ 44. Kg1 Be3+ 45. Kh2
Qf2+ 46. Kh3 Qf1+ 0-1

[Event "29th Metz Open - A"]
[Site "Longeville-les-Metz"]
[Date "2011.05.03"]
[Round "3.17"]
[White "Shirazi, Kamran"]
[Black "Carrillo, Jesus"]
[Result "1-0"]
[WhiteElo "2369"]
[BlackElo "2118"]
[PlyCount "113"]
[EventDate "2011.05.02"]
[Source "Roland WIMMER, Pierre BECKER (FA)"]
[SourceDate "2011.05.18"]

1. e4 c5 2. Nf3 d6 3. d4 cxd4 4. Qxd4 Bd7 5. c4 Nc6 6. Qd2 Nf6 7. Nc3 g6 8. b3
Bg7 9. Bb2 O-O 10. h3 a6 11. Bd3 Qa5 12. a3 e6 13. Rc1 Rfe8 14. O-O Rad8 15.
Rc2 Bc8 16. Re1 Nd7 17. Bf1 Nde5 18. Nh2 Qb6 19. b4 Qa7 20. Rd1 h6 21. Kh1 g5
22. f4 gxf4 23. Qxf4 Ng6 24. Qg3 Be5 25. Qg4 Kh7 26. Ne2 Rg8 27. Bc1 Qf2 28.
Qh5 Qh4 29. Qxh4 Nxh4 30. Ng4 Bg7 31. Nf4 Ne5 32. Be2 Nxg4 33. Bxg4 Be5 34. g3
Ng6 35. Nh5 f5 36. exf5 exf5 37. Bf3 Bd7 38. b5 axb5 39. Bxb7 bxc4 40. Rxc4 Bb5
41. Rc7+ Rd7 42. Rxd7+ Bxd7 43. Bf4 Ba4 44. Rc1 Nxf4 45. gxf4 Bb2 46. Rb1 Bc3
47. Bd5 Re8 48. Rb7+ Kh8 49. Rc7 Re3 50. Kg2 Bd1 51. Ng3 Rd3 52. Bc4 Bf3+ 53.
Kf1 Rd2 54. Rc8+ Kg7 55. Nxf5+ Kf6 56. Rf8+ Kg6 57. Nh4+ 1-0

[Event "29th Metz Open - A"]
[Site "Longeville-les-Metz"]
[Date "2011.05.03"]
[Round "3.18"]
[White "Schweitzer, Viktoriya"]
[Black "Maloberti, David"]
[Result "1/2-1/2"]
[WhiteElo "2230"]
[BlackElo "2111"]
[PlyCount "110"]
[EventDate "2011.05.02"]
[Source "Roland WIMMER, Pierre BECKER (FA)"]
[SourceDate "2011.05.18"]

1. e4 e6 2. d3 d5 3. Nd2 Nf6 4. Ngf3 c5 5. g3 Nc6 6. Bg2 Be7 7. O-O O-O 8. e5
Nd7 9. Re1 Qc7 10. Qe2 b5 11. h4 c4 12. d4 b4 13. c3 a5 14. Nf1 a4 15. a3 bxc3
16. bxc3 Na5 17. Bg5 f6 18. exf6 Nxf6 19. Ne5 Rb8 20. h5 Nc6 21. Nxc6 Qxc6 22.
Bh3 Rb6 23. Nh2 Bd8 24. Bxf6 Bxf6 25. Ng4 Qe8 26. f4 Qf7 27. Qf3 Rb3 28. Nxf6+
Qxf6 29. Re5 Kh8 30. Qe3 Qh6 31. Bg4 Bd7 32. Bd1 g6 33. Kg2 Rb2+ 34. Be2 Rf5
35. Rh1 Qg7 36. hxg6 Qxg6 37. Kf3 Rf7 38. Rhh5 Qf6 39. Qc1 Rb3 40. Bd1 Rg7 41.
Rhg5 Be8 42. Rxg7 Kxg7 43. Kg2 Bg6 44. Bf3 Rb1 45. Qe3 Bf5 46. Qf2 Qh6 47. Re1
Qh3+ 48. Kg1 Rxe1+ 49. Qxe1 h5 50. Qf2 Be4 51. Bxe4 dxe4 52. d5 exd5 53. f5 Qg4
54. Qd4+ Kh7 55. Qe5 Qd1+ 1/2-1/2

[Event "29th Metz Open - A"]
[Site "Longeville-les-Metz"]
[Date "2011.05.03"]
[Round "3.19"]
[White "Achereiner, Guillaume"]
[Black "Frick, Christoph"]
[Result "0-1"]
[WhiteElo "2044"]
[BlackElo "2190"]
[PlyCount "104"]
[EventDate "2011.05.02"]
[Source "Roland WIMMER, Pierre BECKER (FA)"]
[SourceDate "2011.05.18"]

1. d4 g6 2. c4 Bg7 3. Nc3 d6 4. e4 Nc6 5. Be3 e5 6. d5 Nce7 7. c5 Nf6 8. cxd6
cxd6 9. Bb5+ Bd7 10. Bxd7+ Nxd7 11. Nf3 h6 12. Qa4 O-O 13. Qb4 Nc8 14. Nd2 b6
15. O-O a6 16. a4 f5 17. f3 Rf7 18. a5 b5 19. Rac1 Nc5 20. Bxc5 dxc5 21. Qxc5
Qxa5 22. Ra1 Qb6 23. Qxb6 Nxb6 24. Nb3 Nc4 25. Nc5 Nxb2 26. Nxb5 a5 27. Ne6 Bf8
28. Ra2 Nd3 29. Nec7 Bc5+ 30. Kh1 Rc8 31. d6 fxe4 32. Rxa5 e3 33. Ra2 e4 34.
Nd5 Rcf8 35. Re2 exf3 36. gxf3 Rb8 37. d7 Rd8 38. Nxe3 Nf4 39. Rc2 Bxe3 40. Rc8
Rfxd7 41. Rxd8+ Rxd8 42. Nc3 Rd2 43. Ne4 Rc2 44. h4 h5 45. Re1 Bf2 46. Nxf2
Rxf2 47. Re3 Kf7 48. Ra3 Kf6 49. Kg1 Nh3+ 50. Kh1 Kf5 51. Ra5+ Kf4 52. Ra6 g5
0-1

[Event "29th Metz Open - A"]
[Site "Longeville-les-Metz"]
[Date "2011.05.04"]
[Round "4.1"]
[White "Solodovnichenko, Yuri"]
[Black "Eingorn, Vereslav S"]
[Result "1/2-1/2"]
[WhiteElo "2574"]
[BlackElo "2558"]
[PlyCount "63"]
[EventDate "2011.05.02"]
[Source "Roland WIMMER, Pierre BECKER (FA)"]
[SourceDate "2011.05.18"]

1. e4 e5 2. Nf3 Nc6 3. Bb5 d6 4. d4 Bd7 5. c3 Nf6 6. O-O Be7 7. Re1 O-O 8. h3
Nxd4 9. Nxd4 exd4 10. Bxd7 Qxd7 11. cxd4 d5 12. e5 Ne4 13. Nc3 Nxc3 14. bxc3 c5
15. dxc5 Bxc5 16. Be3 Rac8 17. Qb3 b6 18. Rad1 Rfd8 19. Bd4 Qe6 20. Re3 h6 21.
Kh2 Rd7 22. Rdd3 Bxd4 23. Rxd4 Rc4 24. Qd1 Rxd4 25. Qxd4 Rc7 26. Rd3 Rc5 27. f4
Rc4 28. Qe3 Re4 29. Qd2 Qf5 30. Rxd5 Qxf4+ 31. Qxf4 Rxf4 32. Rd8+ 1/2-1/2

[Event "29th Metz Open - A"]
[Site "Longeville-les-Metz"]
[Date "2011.05.04"]
[Round "4.2"]
[White "Dgebuadze, Alexandre"]
[Black "Malakhatko, Vadim"]
[Result "1/2-1/2"]
[WhiteElo "2521"]
[BlackElo "2546"]
[PlyCount "64"]
[EventDate "2011.05.02"]
[Source "Roland WIMMER, Pierre BECKER (FA)"]
[SourceDate "2011.05.18"]

1. e4 e6 2. d4 d5 3. exd5 exd5 4. Nf3 Nf6 5. Bd3 Bg4 6. O-O Be7 7. Re1 O-O 8.
Nbd2 Re8 9. Nf1 Nbd7 10. h3 Bh5 11. Ng3 Bg6 12. Bf4 c6 13. Bxg6 hxg6 14. Qd3
Qb6 15. b3 Bf8 16. a4 Rxe1+ 17. Rxe1 Re8 18. Rxe8 Nxe8 19. Qe3 Qd8 20. Ne5 Nxe5
21. Qxe5 Bd6 22. Qe3 Bxf4 23. Qxf4 Qd6 24. Qe3 Kf8 25. Nf1 Qe7 26. Qd2 a6 27.
Ng3 Nd6 28. Kf1 Ne4 29. Nxe4 Qxe4 30. Qb4+ Qe7 31. Qd2 Qe4 32. Qb4+ Qe7 1/2-1/2

[Event "29th Metz Open - A"]
[Site "Longeville-les-Metz"]
[Date "2011.05.04"]
[Round "4.3"]
[White "Gupta, Abhijeet"]
[Black "Maiorov, Nikita (*85)"]
[Result "1-0"]
[WhiteElo "2604"]
[BlackElo "2528"]
[PlyCount "131"]
[EventDate "2011.05.02"]
[Source "Roland WIMMER, Pierre BECKER (FA)"]
[SourceDate "2011.05.18"]

1. d4 Nf6 2. c4 e6 3. g3 d5 4. Bg2 Bb4+ 5. Bd2 Be7 6. Nf3 O-O 7. O-O c6 8. Qc2
Nbd7 9. Bf4 b6 10. Rd1 Bb7 11. Nc3 dxc4 12. Nd2 Nd5 13. Nxc4 Nxf4 14. gxf4 Nf6
15. e3 Nd5 16. a3 Rc8 17. b4 f5 18. Rac1 g5 19. fxg5 Bxg5 20. f4 Bf6 21. Qf2
Rc7 22. Ne2 Kh8 23. Ng3 Bh4 24. Ne5 Rg8 25. Kh1 Rcg7 26. Rg1 Nf6 27. Bf3 Qe7
28. Rg2 c5 29. dxc5 Bxg3 30. Rxg3 Bxf3+ 31. Rxf3 bxc5 32. bxc5 Nd7 33. Qb2 Rb8
34. Qd4 Nxe5 35. Qxe5 Qc7 36. c6 Qxe5 37. fxe5 Rc7 38. Rf4 Rb6 39. Rfc4 Kg7 40.
Kg2 Kf7 41. Kf3 Ke8 42. R1c2 Ra6 43. a4 Ke7 44. Rb2 Raxc6 45. Rxc6 Rxc6 46.
Rb7+ Kf8 47. Rxa7 Rc4 48. a5 h5 49. a6 Ra4 50. h3 h4 51. Ke2 Ke8 52. Kf3 Kf8
53. Ra8+ Kg7 54. Ke2 Ra3 55. a7 Ra5 56. Kd3 Ra4 57. Kc3 Ra3+ 58. Kb4 Ra1 59.
Kc5 Ra2 60. Kd6 Ra6+ 61. Ke7 Kh7 62. Kf6 Ra5 63. Kxe6 Kg7 64. Kxf5 Ra3 65. e6
Ra5+ 66. Kf4 1-0

[Event "29th Metz Open - A"]
[Site "Longeville-les-Metz"]
[Date "2011.05.04"]
[Round "4.4"]
[White "Savchenko, Stanislav"]
[Black "Mikhalevski, Victor"]
[Result "1/2-1/2"]
[WhiteElo "2510"]
[BlackElo "2577"]
[PlyCount "98"]
[EventDate "2011.05.02"]
[Source "Roland WIMMER, Pierre BECKER (FA)"]
[SourceDate "2011.05.18"]

1. Nf3 g6 2. c4 Bg7 3. Nc3 e5 4. g3 Nc6 5. Bg2 d6 6. O-O f5 7. d3 Nf6 8. Rb1
O-O 9. b4 h6 10. b5 Ne7 11. c5 Be6 12. Ba3 Rc8 13. Qa4 b6 14. cxd6 cxd6 15.
Rfc1 Qd7 16. Bb4 Rc7 17. Qa3 Rfc8 18. Bxd6 Rxc3 19. Rxc3 Rxc3 20. Qxc3 Qxd6 21.
Qxe5 Ne4 22. Qxd6 Nxd6 23. a4 Nd5 24. Kf1 Nc3 25. Rc1 Bb3 26. d4 Nde4 27. Ne5
Bxe5 28. dxe5 Nd2+ 29. Ke1 Ndb1 30. Bc6 Kf7 31. f4 Bxa4 32. Bd5+ Nxd5 33. Rxb1
g5 34. Kd2 gxf4 35. gxf4 Ke6 36. e3 h5 37. h4 Kf7 38. Ra1 Bxb5 39. Rxa7+ Ke6
40. Rh7 Be8 41. Rh6+ Ke7 42. Kd3 Nb4+ 43. Kc3 Nc6 44. Kc4 b5+ 45. Kc5 b4 46.
Rh7+ Ke6 47. Rh6+ Ke7 48. Rh7+ Ke6 49. Rh6+ Ke7 1/2-1/2

[Event "29th Metz Open - A"]
[Site "Longeville-les-Metz"]
[Date "2011.05.04"]
[Round "4.6"]
[White "Peric, Slavisa"]
[Black "Svetushkin, Dmitry"]
[Result "0-1"]
[WhiteElo "2227"]
[BlackElo "2561"]
[PlyCount "98"]
[EventDate "2011.05.02"]
[Source "Roland WIMMER, Pierre BECKER (FA)"]
[SourceDate "2011.05.18"]

1. d4 d5 2. Bf4 c5 3. e3 Nc6 4. c3 Qb6 5. Qb3 c4 6. Qc2 Bf5 7. Qc1 e6 8. Nf3
Nf6 9. h3 Be7 10. Nbd2 h6 11. Be2 O-O 12. O-O Rfc8 13. Re1 Qd8 14. Bd1 b5 15.
Bc2 b4 16. e4 dxe4 17. Nxe4 Nd5 18. Bd2 a5 19. Ng3 Bxc2 20. Qxc2 a4 21. Ne5 a3
22. Nxc6 Rxc6 23. Ne2 b3 24. axb3 cxb3 25. Qxb3 Rb6 26. Qd1 axb2 27. Rb1 Qc7
28. Qc2 Rab8 29. Qa4 Rc6 30. Qc2 Rcb6 31. Qa4 Bg5 32. Bxg5 hxg5 33. Qc2 Qc4 34.
Red1 Rb3 35. Qd3 Qc7 36. Qd2 Nf4 37. Nxf4 gxf4 38. c4 f3 39. Qc2 fxg2 40. Kxg2
Qf4 41. Qe2 Rc3 42. d5 Qg5+ 43. Qg4 Qxg4+ 44. hxg4 Rxc4 45. dxe6 fxe6 46. Kg3
Rc2 47. f4 Kf7 48. Rh1 Kf6 49. f5 Rc3+ 0-1

[Event "29th Metz Open - A"]
[Site "Longeville-les-Metz"]
[Date "2011.05.04"]
[Round "4.7"]
[White "Rotstein, Arkadij"]
[Black "Spirin, Oleg"]
[Result "1-0"]
[WhiteElo "2547"]
[BlackElo "2479"]
[PlyCount "77"]
[EventDate "2011.05.02"]
[Source "Roland WIMMER, Pierre BECKER (FA)"]
[SourceDate "2011.05.18"]

1. e4 c5 2. d3 Nc6 3. f4 g6 4. Nf3 Bg7 5. Be2 e6 6. O-O Nge7 7. c3 d5 8. Na3
O-O 9. Qe1 d4 10. Nc2 dxc3 11. bxc3 b6 12. Rb1 Ba6 13. c4 Qd7 14. Qh4 Rab8 15.
a4 Rbe8 16. Kh1 Bb7 17. Bb2 h6 18. Bf6 Bxf6 19. Qxf6 Kh7 20. Ne5 Qc7 21. a5
bxa5 22. Nxf7 Nc8 23. f5 exf5 24. exf5 Qxf7 25. fxg6+ Qxg6 26. Rxb7+ N8e7 27.
Qxg6+ Kxg6 28. Bf3 Rb8 29. Rc7 Rfc8 30. Be4+ Kg5 31. Rxc8 Rxc8 32. g3 h5 33.
h4+ Kh6 34. Rf7 Ng6 35. Ne3 Nd4 36. Rf6 Rg8 37. Ra6 a4 38. Rxa7 Rg7 39. Rxa4
1-0

[Event "29th Metz Open - A"]
[Site "Longeville-les-Metz"]
[Date "2011.05.04"]
[Round "4.8"]
[White "Miezis, Normunds"]
[Black "Lalic, Bogdan"]
[Result "1/2-1/2"]
[WhiteElo "2542"]
[BlackElo "2469"]
[PlyCount "62"]
[EventDate "2011.05.02"]
[Source "Roland WIMMER, Pierre BECKER (FA)"]
[SourceDate "2011.05.18"]

1. c4 Nf6 2. Nc3 e5 3. g3 Nc6 4. Bg2 Bc5 5. a3 a6 6. e3 O-O 7. Nge2 d6 8. h3
Ba7 9. d3 h6 10. O-O Ne7 11. e4 c6 12. d4 exd4 13. Nxd4 d5 14. cxd5 cxd5 15. e5
Ne4 16. Kh2 Nxc3 17. bxc3 Qc7 18. Qe1 Nc6 19. Nxc6 bxc6 20. Bf4 Bf5 21. Qe2 Qa5
22. Rfc1 Rad8 23. g4 Bh7 24. Bg3 d4 25. cxd4 Bxd4 26. Ra2 c5 27. Be4 Bxe4 28.
Qxe4 Qb5 29. Re2 Qb3 30. f4 Qxa3 31. Rb1 Rb8 1/2-1/2

[Event "29th Metz Open - A"]
[Site "Longeville-les-Metz"]
[Date "2011.05.04"]
[Round "4.9"]
[White "Michiels, Bart"]
[Black "Jolly, Jean-Francois"]
[Result "1/2-1/2"]
[WhiteElo "2484"]
[BlackElo "2357"]
[PlyCount "82"]
[EventDate "2011.05.02"]
[Source "Roland WIMMER, Pierre BECKER (FA)"]
[SourceDate "2011.05.18"]

1. e4 e5 2. Nf3 Nc6 3. Bc4 Nf6 4. d3 Bc5 5. c3 a6 6. O-O Ba7 7. Re1 d6 8. Bb3
O-O 9. h3 Ne7 10. Bg5 Ng6 11. Nh4 Nxh4 12. Bxh4 h6 13. Nd2 g5 14. Bg3 Nd7 15.
Bc2 Qf6 16. Nc4 Re8 17. a4 Nf8 18. Ne3 c6 19. d4 Ng6 20. Nf5 Nf4 21. dxe5 dxe5
22. Qd6 Be6 23. Qc7 Bxf5 24. exf5 Re7 25. Qa5 Nd5 26. c4 Bb6 27. Qd2 Nf4 28. b4
Rd8 29. Qc1 Bd4 30. Ra3 Red7 31. a5 e4 32. Qb1 Qxf5 33. Rxe4 Qf6 34. Qe1 Ba7
35. Re8+ Kg7 36. Rxd8 Rxd8 37. Bxf4 gxf4 38. Rd3 Rxd3 39. Bxd3 Qd4 40. Qe2 Qa1+
41. Kh2 Qd4 1/2-1/2

[Event "29th Metz Open - A"]
[Site "Longeville-les-Metz"]
[Date "2011.05.04"]
[Round "4.10"]
[White "Gladyszev, Oleg"]
[Black "Nguyen, Chi-Minh"]
[Result "0-1"]
[WhiteElo "2472"]
[BlackElo "2381"]
[PlyCount "92"]
[EventDate "2011.05.02"]
[Source "Roland WIMMER, Pierre BECKER (FA)"]
[SourceDate "2011.05.18"]

1. d4 Nf6 2. c4 e6 3. Nc3 Bb4 4. Qc2 O-O 5. a3 Bxc3+ 6. Qxc3 b5 7. cxb5 c6 8.
Bg5 cxb5 9. e3 Bb7 10. Nf3 h6 11. Bh4 g5 12. Bg3 Ne4 13. Qc2 Na6 14. Bd3 Qa5+
15. Ke2 Rac8 16. Qb1 f5 17. Qe1 b4 18. axb4 Qxb4 19. Qxb4 Nxb4 20. Rhc1 Nxd3
21. Rxc8 Rxc8 22. Kxd3 Rc6 23. Ke2 Rc2+ 24. Kd1 Rxb2 25. Kc1 Re2 26. Rxa7 Bc6
27. Ne5 Nxf2 28. Nxd7 Bxd7 29. Rxd7 Ng4 30. d5 exd5 31. Rxd5 Nxe3 32. Rd2 Rxg2
33. Rxg2 Nxg2 34. Kd2 Kf7 35. Ke2 Kg6 36. Kf3 Nh4+ 37. Bxh4 gxh4 38. Kf4 Kf6
39. Ke3 Ke5 40. Kf3 f4 41. Kf2 Ke4 42. Ke2 f3+ 43. Kf2 Kf4 44. Kf1 Ke3 45. Ke1
f2+ 46. Kf1 Kf3 0-1

[Event "29th Metz Open - A"]
[Site "Longeville-les-Metz"]
[Date "2011.05.04"]
[Round "4.11"]
[White "Venkatesh, Marami Rajendran"]
[Black "Guedon, Stephane"]
[Result "1-0"]
[WhiteElo "2463"]
[BlackElo "2253"]
[PlyCount "55"]
[EventDate "2011.05.02"]
[Source "Roland WIMMER, Pierre BECKER (FA)"]
[SourceDate "2011.05.18"]

1. Nf3 c5 2. g3 Nc6 3. Bg2 Nf6 4. O-O d5 5. d3 e6 6. Nbd2 Be7 7. e4 O-O 8. Re1
b5 9. e5 Nd7 10. Nf1 a5 11. h4 b4 12. Bf4 a4 13. a3 bxa3 14. bxa3 Rb8 15. N1h2
Ba6 16. Ng5 Qe8 17. c4 Nb6 18. Ng4 Nd4 19. cxd5 Nxd5 20. Bxd5 Bxg5 21. Be4 Bxf4
22. Nf6+ gxf6 23. exf6 Kh8 24. Qh5 h6 25. gxf4 Rg8+ 26. Kh2 Rg6 27. Bxg6 Qf8
28. Be4 1-0

[Event "29th Metz Open - A"]
[Site "Longeville-les-Metz"]
[Date "2011.05.04"]
[Round "4.14"]
[White "Frick, Christoph"]
[Black "Shirazi, Kamran"]
[Result "0-1"]
[WhiteElo "2190"]
[BlackElo "2369"]
[PlyCount "98"]
[EventDate "2011.05.02"]
[Source "Roland WIMMER, Pierre BECKER (FA)"]
[SourceDate "2011.05.18"]

1. Nc3 d5 2. e4 dxe4 3. Nxe4 e5 4. Bc4 f5 5. Nc3 Nc6 6. d3 Nf6 7. Nf3 Bd6 8.
Bg5 Na5 9. Qe2 Nxc4 10. dxc4 e4 11. c5 Be7 12. Rd1 Nd7 13. Nd4 Bxg5 14. Ne6 Qe7
15. Nd5 Qxe6 16. Nxc7+ Ke7 17. Nxe6 Kxe6 18. O-O Ke7 19. b4 Re8 20. Qc4 Ne5 21.
Qd5 Kf8 22. b5 Nf7 23. a4 Re5 24. Qd4 Be7 25. c6 bxc6 26. c4 Bc5 27. Qb2 Be6
28. bxc6 Rc8 29. Qb7 Nd6 30. Rxd6 Bxd6 31. Rd1 e3 32. fxe3 Be7 33. Rd5 Rxe3 34.
Qxa7 Re4 35. Qa6 Re8 36. c7 Kf7 37. Qc6 g6 38. a5 Bc8 39. a6 Re6 40. Qb7 Rxa6
41. Qb5 Re6 42. g3 h5 43. c5 h4 44. c6 hxg3 45. hxg3 Bd6 46. Qc4 Bxc7 47. Rd7+
Bxd7 48. cxd7 Bb6+ 49. Kg2 Rd8 0-1

[Event "29th Metz Open - A"]
[Site "Longeville-les-Metz"]
[Date "2011.05.04"]
[Round "4.15"]
[White "Praveen Kumar, C."]
[Black "Pucher, Sebastien"]
[Result "1-0"]
[WhiteElo "2358"]
[BlackElo "2227"]
[PlyCount "81"]
[EventDate "2011.05.02"]
[Source "Roland WIMMER, Pierre BECKER (FA)"]
[SourceDate "2011.05.18"]

1. d4 Nf6 2. Nf3 g6 3. Nc3 d5 4. Bf4 Bg7 5. e3 O-O 6. Be2 Bg4 7. Ne5 Bxe2 8.
Qxe2 c6 9. h4 Nbd7 10. O-O-O Ne4 11. Nxe4 dxe4 12. h5 Nxe5 13. dxe5 Qa5 14. Qc4
Bxe5 15. hxg6 hxg6 16. Bxe5 Qxe5 17. Rd4 Qf6 18. Rxe4 e6 19. Rf4 Qg7 20. Rfh4
Rfd8 21. Qf4 g5 22. Rh8+ Qxh8 23. Rxh8+ Kxh8 24. Qxf7 Rab8 25. e4 Rg8 26. Qh5+
Kg7 27. Qxg5+ Kf7 28. Qf4+ Kg6 29. Qe5 Rbe8 30. f4 Kf7 31. g4 Rg7 32. b3 a6 33.
Kb2 Kf8 34. g5 Kg8 35. Qf6 Ree7 36. g6 Re8 37. f5 exf5 38. exf5 Rf8 39. Qg5 Rd7
40. f6 Rd6 41. Qh6 1-0

[Event "29th Metz Open - A"]
[Site "Longeville-les-Metz"]
[Date "2011.05.04"]
[Round "4.16"]
[White "Donchenko, Alexander"]
[Black "Migot, Tangi"]
[Result "1-0"]
[WhiteElo "2239"]
[BlackElo "2272"]
[PlyCount "127"]
[EventDate "2011.05.02"]
[Source "Roland WIMMER, Pierre BECKER (FA)"]
[SourceDate "2011.05.18"]

1. d4 Nf6 2. Nf3 g6 3. c4 Bg7 4. g3 d5 5. Bg2 dxc4 6. Na3 O-O 7. O-O Nc6 8.
Nxc4 Be6 9. b3 a5 10. Bb2 a4 11. Ng5 Bd5 12. e4 Bxc4 13. bxc4 h6 14. Nh3 Nd7
15. e5 a3 16. Bc3 Nb6 17. Rb1 Ra7 18. Nf4 e6 19. Bxc6 bxc6 20. Qb3 Qc8 21. Bb4
Rd8 22. Bc5 Ra6 23. Nd3 Qa8 24. Rfc1 Na4 25. Rd1 Nxc5 26. Nxc5 Rb6 27. Qc3 Qa7
28. f4 Bf8 29. Nb3 Rb4 30. c5 Qa4 31. Rbc1 Be7 32. Rc2 h5 33. h3 Rdb8 34. Rd3
Qa6 35. Rf3 Ra4 36. g4 h4 37. Qd3 Qxd3 38. Rxd3 f6 39. Kf1 fxe5 40. fxe5 Bg5
41. Rf3 Rab4 42. Ke2 Ra8 43. Rcc3 Rab8 44. Kd3 Ra4 45. Rf1 Raa8 46. Rc2 Bf4 47.
Rxf4 Rxb3+ 48. axb3 a2 49. Rxa2 Rxa2 50. Rf6 Rh2 51. Rxg6+ Kf7 52. Rf6+ Ke7 53.
Rf3 Rb2 54. Ke4 Rd2 55. Rd3 Rf2 56. b4 Rf1 57. Ra3 Rf2 58. Rf3 Rd2 59. g5 Rd1
60. g6 Rg1 61. Rf7+ Ke8 62. Rxc7 Rxg6 63. Rxc6 Kd7 64. Rd6+ 1-0

[Event "29th Metz Open - A"]
[Site "Longeville-les-Metz"]
[Date "2011.05.04"]
[Round "4.17"]
[White "Zienkiewicz, Alexandre"]
[Black "Schweitzer, Viktoriya"]
[Result "1/2-1/2"]
[WhiteElo "2069"]
[BlackElo "2230"]
[PlyCount "79"]
[EventDate "2011.05.02"]
[Source "Roland WIMMER, Pierre BECKER (FA)"]
[SourceDate "2011.05.18"]

1. e4 c5 2. Nc3 g6 3. g3 Bg7 4. Bg2 Nc6 5. d3 e6 6. f4 Nge7 7. Nf3 d5 8. O-O
O-O 9. e5 Rb8 10. a4 a6 11. Ne2 b5 12. axb5 axb5 13. c3 b4 14. Be3 Qb6 15. Qd2
Rd8 16. Rfc1 Bf8 17. g4 b3 18. d4 Na5 19. dxc5 Qc7 20. Ned4 Nc4 21. Qf2 Nxe3
22. Qxe3 Nc6 23. Nxc6 Qxc6 24. Ra5 Rb5 25. Rca1 Bxc5 26. Nd4 Rxa5 27. Rxa5 Qb6
28. Ra8 Bd7 29. Rxd8+ Qxd8 30. Bf1 Qa5 31. Kg2 Qa2 32. Qd2 Ba4 33. Bb5 Bxd4 34.
Bxa4 Bxc3 35. Qxc3 Qxa4 36. Kg3 Qc4 37. Qa5 Qc8 38. Qb6 Qc4 39. Qd8+ Kg7 40.
Qf6+ 1/2-1/2

[Event "29th Metz Open - A"]
[Site "Longeville-les-Metz"]
[Date "2011.05.04"]
[Round "4.18"]
[White "Maloberti, David"]
[Black "Colson, Arnaud"]
[Result "1-0"]
[WhiteElo "2111"]
[BlackElo "2157"]
[PlyCount "69"]
[EventDate "2011.05.02"]
[Source "Roland WIMMER, Pierre BECKER (FA)"]
[SourceDate "2011.05.18"]

1. d4 Nf6 2. c4 c5 3. d5 b5 4. f3 g6 5. e4 bxc4 6. e5 Ng8 7. Bxc4 Bg7 8. f4 d6
9. Nf3 Nd7 10. e6 fxe6 11. Ng5 Ndf6 12. dxe6 Nh6 13. Bb5+ Kf8 14. O-O Qb6 15.
Nc3 Bb7 16. h3 d5 17. a4 c4+ 18. Kh2 a6 19. Bd7 d4 20. a5 Qd6 21. Na4 Nxd7 22.
exd7 Nf5 23. Nb6 h6 24. Nf3 Rd8 25. Ra3 c3 26. bxc3 dxc3 27. Qe2 Bf6 28. Ne5
Nd4 29. Qc4 e6 30. Rxc3 Nb5 31. Rd3 Bd5 32. Nxd5 exd5 33. Rxd5 Qe6 34. Qc6 Nc7
35. Rd6 1-0